|
|
|
|
| LEADER |
00000cam a2200000 i 4500 |
| 001 |
1/6646 |
| 008 |
100419s2005 gr | ||| |||| ||gre|| |
| 020 |
|
|
|a 9606622304
|
| 035 |
|
|
|l 10107584
|
| 040 |
|
|
|a GR-MY-UA
|b gre
|e aacr
|
| 041 |
0 |
|
|a gre
|
| 082 |
7 |
|
|a 363.70071
|2 (22)
|
| 245 |
0 |
0 |
|a Περιβαλλοντική εκπαίδευση, ερευνητικά δεδομένα και εκπαιδευτικός σχεδιασμός /
|c επιμέλεια: Μ. Καϊλα ... [κ.ά.].
|
| 260 |
|
|
|a Αθήνα :
|b Ατραπός,
|c c2005.
|
| 300 |
|
|
|a 468 σ. :
|b εικ., πίν., διαγρ. ;
|c 24 εκ.
|
| 500 |
|
|
|a Περιέχει περιλήψεις στο τέλος κάθε κεφαλαίου.
|
| 504 |
|
|
|a Περιέχει βιβλιογραφικές παραπομπές.
|
| 650 |
0 |
0 |
|a Environmental education
|z Greece.
|
| 650 |
0 |
0 |
|a Environmental education
|x Study and teaching (Elementary)
|
| 700 |
1 |
|
|a Καΐλα, Μαρία Α.
|e edtf
|
| 852 |
|
|
|a INST
|b LESVOS
|e 20100419
|h 363.70071 ΠΕΡ
|p 005100046895
|q 005100046895
|t BK
|y 0
|
| 852 |
|
|
|a INST
|b RHODES
|e 20120907
|h 363.70071 ΠΕΡ
|p 005400034512
|q 005400034512
|t BK
|y 0
|
| 901 |
|
|
|a BIBL1-2010-1
|
| 901 |
|
|
|a BIBL4-2012-3
|
| 909 |
|
|
|a Λ
|b 163130
|
| 909 |
|
|
|a Ρ
|b 171146
|
| 970 |
|
|
|a ΓΙΑΛΑΜΑ
|b ΜΑΡΙΑ
|z 2010/04/19
|